Amanhece / (Record no. 438)

MARC details
000 -LÍDER
campo de controle de tamanho fixo 00924nam a2200277 4500
001 - NÚMERO DE CONTROLE
campo de controle 438
003 - IDENTIFICADOR DO NÚMERO DE CONTROLE
campo de controle OSt
005 - DATA E HORÁRIO DA ÚLTIMA TRANSAÇÃO
campo de controle 20250627144955.0
008 - CAMPO DE DADOS FIXOS--INFORMAÇÃO GERAL
campo de controle de tamanho fixo 250627b |||||||e |||| 00| 1 eng d
040 ## - FONTE DA CATALOGAÇÃO
Idioma da catalogação por
041 ## - CÓDIGO DE IDIOMA
Código do idioma do original e/ou traduções intermediárias do texto por
082 ## - CDD - CLASSIFICAÇÃO DECIMAL DE DEWEY
Número de Classificação 133.93
Número do exemplar X3a
100 1# - ENTRADA PRINCIPAL--NOME PESSOAL
Nome pessoal Xavier, Francisco Cândido
Datas associadas ao nome 1910- 2002
9 (RLIN) 966
245 ## - TÍTULO
Título Amanhece /
Indicação de responsabilidade, etc. Xavier, Francisco Cândido com mensagens de Espíritos Diversos
250 ## - EDIÇÃO
Declaração de edição 4 ed.
260 ## - PUBLICAÇÃO, DISTRIBUIÇÃO, ETC.
Local de publicação, distribuição, etc. São Paulo
Nome do editor, distribuidor, etc. GEEM
Data da publicação, distribuição, etc. 1976
300 ## - DESCRIÇÃO FÍSICA
Extensão 140 p.
520 ## - NOTA DE RESUMO, ETC.
Resumo, etc. Através de diversos espíritos, formou-se uma despretenciosa galeria de pensamentos, que são criações espirituais necessárias à instalação da paz e da felicidade para a Terra de hoje.<br/><br/><br/>
650 #0 - ASSUNTO--TERMO TÓPICO
Cabeçalho tópico ou nome geográfico Literatura Brasileira
9 (RLIN) 205
650 #0 - ASSUNTO--TERMO TÓPICO
Cabeçalho tópico ou nome geográfico Psicografias
9 (RLIN) 485
650 #0 - ASSUNTO--TERMO TÓPICO
Cabeçalho tópico ou nome geográfico Espiritismo
9 (RLIN) 958
650 #0 - ASSUNTO--TERMO TÓPICO
Cabeçalho tópico ou nome geográfico Mediunidade
9 (RLIN) 166
655 #0 - TERMO DE ÍNDICE--GÊNERO E FORMA
Gênero/forma/ou termo foco Romance
700 ## - ENTRADA ADICIONADA - NOME PESSOAL
Nome pessoal Espíritos Diversos
9 (RLIN) 967
942 ## - ELEMENTOS DE ENTRADA ADICIONADOS (KOHA)
Fonte de classificação ou esquema de arquivamento Classificação decimal de Dewey
Ocultar no OPAC Não
Tipo de material Koha Livros
Holdings
Situação do descarte Situação das perdas Fonte de classificação ou esquema de arquivamento Status danificado Não pode ser emprestado Coleção Biblioteca de origem Biblioteca atual Localização na estante Data de aquisição Fonte de aquisição Total de empréstimos Número de chamada completo Código de barras Data de último acesso Data do preço efetivo Tipo de material Koha
    Classificação decimal de Dewey     Não ficção Biblioteca Professor Eduardo Afonso de Castro Biblioteca Professor Eduardo Afonso de Castro Obras Espíritas 27.06.2025 doação   133.93 / X3a 2025-17368 27.06.2025 27.06.2025 Livros

Powered by Koha